Movies Quiz

Random Movies or Clickable Quiz
Score 0/30 Timer 06:00
0 Plays Today
% Correct
Pulp Fiction
90.1%
The Lord of the Rings
89.3%
Psycho
85.9%
Schindler's List
85.8%
Edward Scissorhands
83.5%
Dumbo
80.7%
Unforgiven
76%
Blazing Saddles
75.8%
2001: A Space Odyssey
74.8%
Goodfellas
72.5%
The Godfather
70.9%
Vicky Cristina Barcelona
69.7%
Aliens
69.2%
American Graffiti
67%
The Sixth Sense
66.7%
% Correct
The Green Mile
63.5%
Blade Runner
60.5%
Wall Street
59.5%
Back to the Future
59.2%
Brazil
56%
A Beautiful Mind
55.7%
Eraserhead
52.7%
Cleopatra
51.4%
Rosemary's Baby
51.2%
Some Like It Hot
49.9%
City Lights
48.2%
Love's Labor's Lost
37.7%
The Misfits
31.7%
Mr. Hulot's Holiday
31.3%
Last Tango in Paris
29.8%
Remove Ads.
Support Sporcle.
Get the best of Sporcle when you Go Orange. This ad-free experience offers more features, more stats, and more fun while also helping to support Sporcle. Thank you for becoming a member.

You're not logged in!

Compare scores with friends on all Sporcle quizzes.
OR
Log In

Show Comments

Extras

Top Quizzes Today


Score Distribution

Your Account Isn't Verified!

In order to create a playlist on Sporcle, you need to verify the email address you used during registration. Go to your Sporcle Settings to finish the process.

Report this User

Report this user for behavior that violates our Community Guidelines.

Details: